| 000 | 00344nam a2200145Ia 4500 | ||
|---|---|---|---|
| 008 | 230917s9999||||xx |||||||||||||| ||und|| | ||
| 040 |
_e38699 _aMAIN |
||
| 041 | _aEnglish | ||
| 082 | _a822.09 E46E | ||
| 100 | _aEliot, T S | ||
| 245 | 0 | _aElizabethan dramatists | |
| 260 |
_aLondon _bFaber and Faber _c[n.d.] |
||
| 300 | _a166 p. | ||
| 942 | _cBK | ||
| 999 |
_c38281 _d38281 |
||